Dlho očakávaná novela zákona o konkurze a vyrovnaní posilňuje postavenie majoritných konkurzných veriteľov
1. augusta 2000 nadobudla účinnosť dlho očakávaná tzv. veľká novela konkurzného zákona. Pojmy úpadca a úpadok. Charakteristika konkurznej podstaty. Správca konkurznej podstaty. Schôdza konkurzných veriteľov a veriteľský výbor. Ide o zákon č. 238/2000 Z.z., ktorým sa mení a dopĺňa zákon č. 328/1991 Z...
Na minha lista:
| Autor principal: | |
|---|---|
| Formato: | Capítulo de Livro |
| Idioma: | eslovaco |
| Assuntos: | |
| Tags: |
Sem tags, seja o primeiro a adicionar uma tag!
|
MARC
| LEADER | 00000naa a2200000 4500 | ||
|---|---|---|---|
| 001 | r039280 | ||
| 005 | 20230921105849.8 | ||
| 041 | 0 | |a slo | |
| 044 | |a SK | ||
| 245 | 1 | 0 | |a Dlho očakávaná novela zákona o konkurze a vyrovnaní posilňuje postavenie majoritných konkurzných veriteľov |c Patrik Benčík |
| 520 | |a 1. augusta 2000 nadobudla účinnosť dlho očakávaná tzv. veľká novela konkurzného zákona. Pojmy úpadca a úpadok. Charakteristika konkurznej podstaty. Správca konkurznej podstaty. Schôdza konkurzných veriteľov a veriteľský výbor. Ide o zákon č. 238/2000 Z.z., ktorým sa mení a dopĺňa zákon č. 328/1991 Zb. o konkurze a vyrovnaní v znení neskorších predpisov. | ||
| 610 | 2 | 0 | |a konkurzy |
| 610 | 2 | 0 | |a vyrovnanie |
| 610 | 2 | 0 | |a zákony |
| 610 | 2 | 0 | |a novelizácia |
| 610 | 2 | 0 | |a správcovia podstaty konkurznej |
| 610 | 2 | 0 | |a úpadok podniku |
| 610 | 2 | 0 | |a veritelia |
| 610 | 2 | 0 | |a Slovensko |
| 610 | 2 | 0 | |a 2000 |
| 100 | 1 | |a Benčík, Patrik | |